Vegetation of the altai-dzungarian gobi: Diversity and environmental drivers (Бичлэгийн дугаар. 147025)
| 000 -УДИРДЛАГА | |
|---|---|
| Удирдлага | 01255nam a22003857a 4500 |
| 003 - ХЯНАЛТЫН ТОО ТОДОРХОЙЛОГЧ | |
| Код | MN-UlNUM |
| 005 - БИЧИЛТ ХИЙСЭН ОГНОО | |
| Тухайн бичилтийг бичсэн засварласан сүүлийн огноо | 20260410174930.0 |
| 008 - ЕРӨНХИЙ МЭДЭЭЛЭЛ | |
| Ерөнхий мэдээлэл | 260410s2026 engo|||| |||| 00| | mon d |
| 040 ## - БИЧЛЭГ ҮҮСГЭГЧ БАЙГУУЛЛАГА | |
| Бичлэг үүсгэгч номын сан | МУИС-ийн номын сан |
| 084 ## - ББК АНГИЛАЛ | |
| Нэмэлт тусгалт | Нэг сэдэвт бүтээл |
| ББК ангилал | 28.5 |
| Зохиогчийн гурван тэмдэгт | O-98 |
| Мэдлэгийн ялгаа | 2 - Байгалийн шинжлэл |
| 100 ## - ДОКТОРЫН ЗЭРЭГ ГОРИЛОГЧ | |
| Доктор | Oyundari Chuluunkhuyag |
| 110 ## - СУРГУУЛЬ / ТЭНХИМ | |
| Сургууль | МУИС. ШУС. БУС |
| Тэнхим | Биологийн тэнхим |
| 245 ## - ҮНДСЭН ГАРЧИГ | |
| Докторын бүтээлийн сэдэв | Vegetation of the altai-dzungarian gobi: Diversity and environmental drivers |
| Бага гарчгийн мэдээ | Submitted for partial fulfillment of the Doctor of Philosophy degree: |
| Удирдагч | Dr., prof. Karsten Wesche |
| -- | Dr., associate prof. D. Nyambayar |
| Шүүмжлэгч | Dr (Sc.D), prof. I. Tuvshintogtokh |
| -- | Dr., prof. J. Undarmaa |
| Мэргэжлийн индекс | F051101 |
| 260 ## - ГАРАЛТЫН МЭДЭЭ | |
| Хэвлэгдсэн газар | UB |
| Хэвлэгдсэн он | 2026 |
| 300 ## - МАТЕРИАЛЫН ТОДОРХОЙЛОЛТ | |
| хуудасны тоо | 111 |
| 500 ## - Тайлбар | |
| Дансны дугаар | ЭШФ Дисс 1015 Цахим Дисс 1077 |
| 546 ## - ХЭЛНИЙ ТУХАЙ МЭДЭЭ | |
| Хэл | Англи хэл дээр, |
| 653 ## - Түлхүүр үг | |
| Түлхүүр үг | natural science |
| 653 ## - Түлхүүр үг | |
| Түлхүүр үг | biology |
| 653 ## - Түлхүүр үг | |
| Түлхүүр үг | botany |
| 653 ## - Түлхүүр үг | |
| Түлхүүр үг | dissertation |
| 740 ## - ГАРЧИГ | |
| Гарчиг | Motivation |
| 740 ## - ГАРЧИГ | |
| Гарчиг | Conceptual research framework |
| 740 ## - ГАРЧИГ | |
| Гарчиг | Thesis outline |
| 740 ## - ГАРЧИГ | |
| Гарчиг | Study area |
| 740 ## - ГАРЧИГ | |
| Гарчиг | Data collection |
| 740 ## - ГАРЧИГ | |
| Гарчиг | Data analysis |
| 740 ## - ГАРЧИГ | |
| Гарчиг | Results and discussion |
| 740 ## - ГАРЧИГ | |
| Гарчиг | Plant communities |
| 740 ## - ГАРЧИГ | |
| Гарчиг | Vegetation mapping |
| 740 ## - ГАРЧИГ | |
| Гарчиг | Species diversity |
| 740 ## - ГАРЧИГ | |
| Гарчиг | Diversity-environment interactions |
| 942 ## - ЭЛЕМЕНТИЙН ТӨРӨЛ | |
| Зүйлийн төрөл | Диссертаци |
